Podi Campionato mondiale di pallavolo femminile - Statistics

Statistiche generali
  • Questo quiz è stato fatto 42 volte
  • Il punteggio medio è 11 su 14
Statistiche sulle risposte
Continente Totale podi Primo posto Secondo posto Terzo posto Nazionale % Corretto
Asia 6 2 3 1 Cina
100%
Europa 3 1 1 1 Italia
100%
America del Sud 5 0 4 1 Brasile
97%
Asia 7 3 3 1 Giappone
97%
Asia / Europa 13 7 2 4 Unione Sovietica / Russia
97%
America del Nord 5 1 2 2 Stati Uniti
95%
America del Nord 4 3 1 0 Cuba
90%
Europa 3 2 0 1 Jugoslavia / Serbia
90%
Europa 3 0 1 2 Polonia
82%
Asia 2 0 0 2 Corea del Sud
59%
Europa 1 0 1 0 Romania
59%
Europa 2 0 0 2 Cecoslovacchia
54%
America del Sud 2 0 1 1 Perù
51%
Asia 1 0 0 1 Corea del Nord
31%
Nessun quiz corrispondente trovato
Distribuzione punteggi
Percentuale di utenti per punteggio
Percentile per numero di risposta
I tuoi punteggi nel tempo
Non hai fatto questo quiz